Przybyszewski

Titel: Przybyszewski / Stanisław Helszytyński
Verfasser:
Ausgabe: Wyd. 2
Veröffentlicht: Kraków : Wydawn. Literackie, 1966
Umfang: 501 S. : Ill.
Format: Buch
Sprache: Polnisch
Kein Bild verfügbar
X
Lokale Klassifikation: 32 10 E ; 2 P 254
alg: 12121431
001A    $03004:24-05-04 
001B    $01999:22-05-23 $t10:52:34.000 
001C    $06002:06-03-06 $t19:53:28.000 
001D    $03004:24-05-04 
001U    $0utf8 
001X    $00 
002@    $0Aau 
003@    $0121214311 
003O    $006323691 $aOCoLC 
007A    $0121214311 $aHEB 
007T    $0Herdhh121214311 
010@    $apol 
011@    $a1966 
021A    $aPrzybyszewski $hStanisław Helszytyński 
028A    $7 $8Helszytyński, Stanisław [Tnx] $9170129616 
032@    $aWyd. 2 
033A    $pKraków $nWydawn. Literackie 
034D    $a501 S. 
034M    $aIll. 
045B    $a891.85 $eDDCoclc 
045F    $a809 $eDDC23BSB 
045F/01 $a809 
045F/03 $g438 
045G    $a929.09438 $eDDC23BSB 
045G/01 $a929 
045G/03 $g438 

lok: 12121431 24
101B    $009-09-15 $t10:12:35.000 
101C    $019-03-15 
101U    $0utf8 
145Z/01 $a32 10 E 
145Z/02 $a2 P 254 

exp: 12121431 24 1 #EPN
201B/01 $009-09-15 $t10:11:25.000 
201C/01 $019-03-15 
201U/01 $0utf8 
203@/01 $0752029398 
208@/01 $a19-03-15 $bz 
209A/01 $a15.02402 $du $f050 $h15 02402 $x00 
209C/01 $a15.02402 T $h15 02402 T 
209G/01 $a73128579 $x00 
220C/01 $ajwa 
244Z/01 $#Пшибышевский, Станислав $#פשיבישבסקי, סטניסלב $#Przybyszewski, Stanislaus $#Przybyszewski, Stanislaw $#Pšibyševskij, Stanislav $#Pshibyshevskiĭ, St. $#Przybyszewski, Stachu $#Stachu $#Pshebyshevskiĭ, S. $#Pšybyševskis, St. $#Pšibyševskij, St. $#פשיבישעווסקי, סטניסלב $#פשיבישבסקי, סטאניסלאב $7118742108 $8--Tp1--Przybyszewski, Stanisław$Z1868-1927 $x01 $9087082829 
247C/01 $8358050-7 Marburg, Bibliothek des Herder-Instituts Marburg $9102600961 

exp: 12121431 24 2 #EPN
201B/02 $009-09-15 $t10:12:04.000 
201C/02 $009-09-15 
201U/02 $0utf8 
203@/02 $0759422362 
208@/02 $a09-09-15 $bz 
209A/02 $a2 P 254 A 2 $du $f050 $h2 P 254 / A 2 $x00 
209C/02 $a3135 K 66 $h66 3135 K 
209G/02 $a70707390 $x00 
220C/02 $aneu 
247C/02 $8358050-7 Marburg, Bibliothek des Herder-Instituts Marburg $9102600961 

lok: 12121431 78

exp: 12121431 78 1 #EPN
201B/01 $012-09-18 $t23:04:36.000 
201U/01 $0utf8 
203@/01 $0794311458 
208@/01 $a12-11-16 $be 
209A/01 $a/ $f000 $x00 
220C/01 $aAnmerkung: *NG 
237A/01 $aweiterführende Signatur(en): Herder-Institut: 2 P 254 A 2 
244Z/01 $2Trx $#Poola $#Lenkija $#Polija $#Polen Land $#Poland $#Lengyelország $#Poľsko $#Polsko $8--Trx--Polska$gkraj $x01 $9391345966 
244Z/01 $aGeschichte 1868-1927 $x02 
244Z/01 $#Пшибышевский, Станислав $#פשיבישבסקי, סטניסלב $#Przybyszewski, Stanislaus $#Przybyszewski, Stanislaw $#Pšibyševskij, Stanislav $#Pshibyshevskiĭ, St. $#Przybyszewski, Stachu $#Stachu $#Pshebyshevskiĭ, S. $#Pšybyševskis, St. $#Pšibyševskij, St. $#פשיבישעווסקי, סטניסלב $#פשיבישבסקי, סטאניסלאב $7118742108 $8--Tp1--Przybyszewski, Stanisław$Z1868-1927 $x03 $9087082829 
244Z/01 $2Trx $#kirjanikud $#rašytojai $#writers $#írók $#pisarze $#spisovatelia $#spisovatelé $8--Trx--Schriftsteller $x04 $9391382659 
244Z/01 $2Trx $8--Trx--Monographie $x05 $9391384546 
244Z/01 $2Trx $#biograafiad $#biografijos $#biography $#életrajzok $#biografia $#biografie $#biografie $8--Trx--Biographie $x06 $9391352938 
245Z/01 $a12.03 $x01 
247C/01 $82080>Marburg/Lahn, Herder-Institut, Forschungsbibliothek, Bibliographieportal $9336309341
LEADER 00000cam a2200000 c 4500
001 121214311
003 DE-603
005 20230522105234.0
007 tu
008 040524s1966 xx |||| | u00||u|pol c
035 |a (DE-599)HEB121214311 
035 |a (OCoLC)06323691 
040 |a DE-603  |b ger  |c DE-603  |d DE-603 
041 |a pol 
082 0 4 |8 1\u  |a 809  |q DE-101  |2 23/BSB 
083 0 |8 2\u  |a 929.09438  |q DE-101  |2 23/BSB 
083 7 |a 891.85  |2 oc/lc 
085 |8 1\u  |b 809 
085 |8 1\u  |z 2  |s 438 
085 |8 2\u  |b 929 
085 |8 2\u  |z 2  |s 438 
100 1 |a Helszytyński, Stanisław  |0 (DE-603)170129616 
245 0 0 |a Przybyszewski  |c Stanisław Helszytyński 
250 |a Wyd. 2 
264 1 |a Kraków  |b Wydawn. Literackie  |c 1966 
300 |a 501 S.  |b Ill. 
924 0 |9 Mb 50  |a (DE-603)752029398  |b DE-Mb50  |c HES  |d c  |g 15.02402 
924 0 |9 Mb 50  |a (DE-603)759422362  |b DE-Mb50  |c HES  |d c  |g 2 P 254 A 2 
924 0 |9 2080  |a (DE-603)794311458  |b DE-2080  |c HES  |d d  |g /